000 00334nam a22001457a 4500
008 210427b ||||| |||| 00| 0 eng d
020 _a9780072977929
041 _aeng
080 _211th
_a334.7
082 _a334.7
100 _a55
101 _aMF
245 _aFoundations of Financial Management
_cBlock,S.B
942 _2udc
_cBK
999 _c56837
_d56837